00378nam a22001337a 4500003000900000005001700009008002700026020001800053040002200071100002800093245005600121260004600177300002100223DO-SdBNP20180209101631.0180209b2009 xx 00| 0 spa d a9780615553795 aBPMSUbspacBPMSU a Howell, Sharon Slaton. aSitting on a Rock, thinking /cSharon Slaton Howell 3United States :bBlack Wolf Press, c2011 a55 p. ;c23 cm.